000 00911nas a2200301 4500
001 BR0905136
003 BR-BrBNA
005 20231205113611.0
007 ta
008 230509b bl.|||p| |||| 00| 00por d
040 _aBR-BrBNA
_bpor
_cBiblioteca Nacional de Agricultura
041 _a(Pt)
072 _aL10
100 1 _aSilva, K. de M.
100 1 _aGuimarães, S.E.F.
100 1 _aLopes, P.S.
100 1 _aNascimento, C.S. do
100 1 _aLopes, P.S.
100 1 _aAmaral, M.M.D.C.
245 1 _aMapeamento de locos de características quantitativas para o desempenho no cromossomo 4 de suinos
650 _aSUÍNO
650 _aGENÉTICA ANIMAL
650 _aCRUZAMENTO
650 _aCROMOSSOMO
773 0 _tRevista Brasileira de Zootecnia (Brazil)
_xISSN 1516-3598
_g(Mar 2009), v. 38(3) p. 474-479
_wBR0905136
909 _a202311
_bLúcia
_c55
_dLúcia Elande
942 _2AGRIS
_n0
_cANA
999 _c204647
_d204647